[Event "AUT-ch U18"]
[Site "St Veit"]
[Date "2015.03.31"]
[Round "4.5"]
[White "Toelly, Michael"]
[Black "Arztmann, Nils"]
[Result "1-0"]
[WhiteElo "2005"]
[BlackElo "1955"]
[PlyCount "67"]
[EventDate "2015.03.29"]
[EventType "swiss"]
[EventRounds "7"]
[EventCountry "AUT"]
[SourceTitle "EXT 2024"]
[Source "ChessBase"]
[SourceDate "2023.10.10"]
[SourceVersion "1"]
[SourceVersionDate "2023.10.10"]
[SourceQuality "1"]

1. e4 c5 2. c3 d5 3. exd5 Qxd5 4. d4 Nf6 5. Nf3 e6 6. Be3 cxd4 7. cxd4 Nc6 8. Nc3 Qd6 9. Bd3 Be7 10. 0-0 b6 11. a3 0-0 12. Qe2 Bb7 13. Rfd1 Rad8 14. Bc4 Na5 15. Ba2 Nd5 16. Ne4 Nf4 17. Qc2 Qc6 18. Qxc6 Bxc6 19. Bxf4 Bxe4 20. Rac1 Rc8 21. Re1 Rxc1 22. Rxc1 Bf6 23. Rc7 Rd8 24. Nd2 Rxd4 25. f3 Ba8 26. b4 Nb7 27. Ne4 Rd3 28. Rc8+ Rd8 29. Nxf6+ gxf6 30. Rc7 Kg7 31. Bxe6 Rf8 32. Bd5 Nd8 33. Bd6 Bxd5 34. Bxf8+ 1-0

[Event "AUT-ch U18"]
[Site "St Veit"]
[Date "2015.03.29"]
[Round "2.8"]
[White "Arztmann, Nils"]
[Black "Walder, Elias"]
[Result "1-0"]
[WhiteElo "1955"]
[BlackElo "1389"]
[PlyCount "109"]
[EventDate "2015.03.29"]
[EventType "swiss"]
[EventRounds "7"]
[EventCountry "AUT"]
[SourceTitle "EXT 2024"]
[Source "ChessBase"]
[SourceDate "2023.10.10"]
[SourceVersion "1"]
[SourceVersionDate "2023.10.10"]
[SourceQuality "1"]

1. e4 c5 2. d4 cxd4 3. c3 dxc3 4. Nxc3 Nc6 5. Nf3 d6 6. Bc4 Nf6 7. e5 dxe5 8. Qxd8+ Nxd8 9. Nb5 Nc6 10. Nc7+ Kd8 11. Nxa8 e6 12. 0-0 Bd7 13. Ng5 Be8 14. Bb5 Kc8 15. Be3 Kb8 16. Nb6 axb6 17. Bxb6 Nd5 18. Be3 Be7 19. Nf3 Nxe3 20. fxe3 f6 21. Rfd1 Nb4 22. Bxe8 Rxe8 23. Rd7 Kc8 24. Rd2 Rd8 25. Rc1+ Kb8 26. a3 Rxd2 27. Nxd2 Nd5 28. Kf2 b6 29. b4 Kb7 30. Nb1 Bd6 31. Nc3 Nxc3 32. Rxc3 Be7 33. Ke2 b5 34. Kd3 Bd6 35. Kc2 Be7 36. Kb3 Bd6 37. a4 bxa4+ 38. Kxa4 e4 39. h3 Bc7 40. Kb5 Bd6 41. Rc6 Bxb4 42. Rxe6 Bf8 43. Rxe4 Kc7 44. Re8 Bd6 45. Rh8 Kd7 46. Rxh7 Bf8 47. Kc4 Ke6 48. Kd4 g5 49. Ke4 Bd6 50. Ra7 Be5 51. Ra6+ Ke7 52. Kf5 Kf7 53. Ra7+ Kf8 54. Kg6 Ke8 55. Rf7 1-0

[Event "Lienz op-A 18th"]
[Site "Lienz"]
[Date "2015.02.10"]
[Round "5"]
[White "Arztmann, Nils"]
[Black "Kruckenhauser, Arthur"]
[Result "1-0"]
[WhiteElo "1993"]
[BlackElo "1637"]
[PlyCount "25"]
[EventDate "2015.02.07"]
[EventType "swiss"]
[EventRounds "9"]
[EventCountry "AUT"]
[SourceTitle "CBM 164 Extra"]
[Source "ChessBase"]
[SourceDate "2015.03.02"]
[SourceVersion "1"]
[SourceVersionDate "2015.03.02"]
[SourceQuality "1"]

1. e4 c5 2. d4 cxd4 3. c3 dxc3 4. Nxc3 d6 5. Bc4 Nc6 6. Nf3 g6 7. e5 dxe5 8. Qxd8+ Nxd8 9. Nb5 Rb8 10. Nc7+ Kd7 11. Nb5 Bg7 12. Be3 b6 13. 0-0-0+ 1-0

[Event "Lienz op-A 18th"]
[Site "Lienz"]
[Date "2015.02.07"]
[Round "1"]
[White "Arztmann, Nils"]
[Black "Singer, Christoph"]
[Result "0-1"]
[WhiteElo "1993"]
[BlackElo "2353"]
[PlyCount "58"]
[EventDate "2015.02.07"]
[EventType "swiss"]
[EventRounds "9"]
[EventCountry "AUT"]
[SourceTitle "CBM 164 Extra"]
[Source "ChessBase"]
[SourceDate "2015.03.02"]
[SourceVersion "1"]
[SourceVersionDate "2015.03.02"]
[SourceQuality "1"]

1. e4 e5 2. Nf3 Nc6 3. Bc4 Bc5 4. c3 Nf6 5. d3 a6 6. Bb3 Ba7 7. 0-0 d6 8. h3 h6 9. Re1 g5 10. Be3 g4 11. hxg4 Bxg4 12. Nbd2 Nh5 13. Bxf7+ Kxf7 14. Qb3+ Be6 15. Qxb7 Qd7 16. d4 Bxd4 17. cxd4 Rhb8 18. Qxa8 Rxa8 19. d5 Bh3 20. Bxh6 Kg6 21. Nh4+ Kxh6 22. dxc6 Qe7 23. Re3 Bg4 24. Ndf3 Rf8 25. Rc1 Nf4 26. Rcc3 Bxf3 27. Nxf3 Rg8 28. g3 Qe6 29. Nh4 Qh3 0-1

[Event "AUT-ch U16"]
[Site "Woerth"]
[Date "2014.04.17"]
[Round "7"]
[White "Schwab, Lukas"]
[Black "Arztmann, Nils"]
[Result "1/2-1/2"]
[WhiteElo "1850"]
[BlackElo "1868"]
[PlyCount "93"]
[EventDate "2014.04.13"]
[EventType "swiss"]
[EventRounds "7"]
[EventCountry "AUT"]
[SourceTitle "EXT 2015"]
[Source "ChessBase"]
[SourceDate "2014.11.20"]
[SourceVersion "1"]
[SourceVersionDate "2014.11.20"]
[SourceQuality "1"]

1. e4 e5 2. Nf3 Nc6 3. Bb5 Nf6 4. 0-0 Nxe4 5. Re1 Nd6 6. Nxe5 Be7 7. Bf1 Nxe5 8. Rxe5 0-0 9. d4 Bf6 10. Re1 Nf5 11. d5 d6 12. Nd2 Re8 13. Ne4 Be5 14. g3 Bd7 15. c3 a6 16. a4 g6 17. Bg5 Qc8 18. Bf6 Kf8 19. Bxe5 Rxe5 20. f4 Re7 21. Bg2 b5 22. axb5 axb5 23. b3 Qb7 24. Rxa8+ Qxa8 25. Qd2 Qa3 26. Qc2 Qa7+ 27. Qf2 Qxf2+ 28. Kxf2 Kg7 29. Ra1 Nh6 30. h3 Bf5 31. Re1 Ng8 32. g4 Bd7 33. Ng3 Rxe1 34. Kxe1 Ne7 35. Kd2 c6 36. dxc6 Bxc6 37. Bxc6 Nxc6 38. Kd3 d5 39. Ne2 Kf6 40. Nd4 Na7 41. Ke3 h6 42. h4 Ke7 43. f5 g5 44. hxg5 hxg5 45. Nf3 f6 46. Nd4 Kd6 47. Kd3 1/2-1/2

[Event "AUT-ch U16"]
[Site "Woerth"]
[Date "2014.04.15"]
[Round "4"]
[White "Gludovatz, Lukas"]
[Black "Arztmann, Nils"]
[Result "1/2-1/2"]
[WhiteElo "1754"]
[BlackElo "1868"]
[PlyCount "76"]
[EventDate "2014.04.13"]
[EventType "swiss"]
[EventRounds "7"]
[EventCountry "AUT"]
[SourceTitle "EXT 2015"]
[Source "ChessBase"]
[SourceDate "2014.11.20"]
[SourceVersion "1"]
[SourceVersionDate "2014.11.20"]
[SourceQuality "1"]

1. e4 e5 2. Nf3 Nc6 3. Bc4 Bc5 4. c3 Nf6 5. d3 a6 6. Bb3 Ba7 7. 0-0 d6 8. Nbd2 0-0 9. h3 h6 10. Re1 Re8 11. Nf1 Be6 12. Be3 Qd7 13. Ng3 Bxe3 14. Rxe3 Ne7 15. Bxe6 Qxe6 16. Qb3 Qxb3 17. axb3 c6 18. Rd1 Rad8 19. d4 Ng6 20. Kf1 Kf8 21. dxe5 Nxe5 22. Nxe5 dxe5 23. Red3 Rxd3 24. Rxd3 g6 25. f3 Ke7 26. Ke2 Rd8 27. Rxd8 Kxd8 28. Kd3 b5 29. Ke3 Ke7 30. Kd3 Kd6 31. c4 h5 32. h4 Kc5 33. Kc3 a5 34. Ne2 Nd7 35. Nc1 b4+ 36. Kd3 Nf8 37. Ne2 Ne6 38. g3 f6 1/2-1/2

[Event "AUT-ch U16"]
[Site "Woerth"]
[Date "2014.04.13"]
[Round "1"]
[White "Arztmann, Nils"]
[Black "Dragnev, Valentin"]
[Result "0-1"]
[WhiteElo "1868"]
[BlackElo "2215"]
[PlyCount "134"]
[EventDate "2014.04.13"]
[EventType "swiss"]
[EventRounds "7"]
[EventCountry "AUT"]
[SourceTitle "EXT 2015"]
[Source "ChessBase"]
[SourceDate "2014.11.20"]
[SourceVersion "1"]
[SourceVersionDate "2014.11.20"]
[SourceQuality "1"]

1. e4 e5 2. Nf3 d6 3. d4 exd4 4. Nxd4 Nf6 5. Nc3 Be7 6. Bc4 0-0 7. 0-0 Re8 8. Re1 Bf8 9. Bg5 Nbd7 10. h3 h6 11. Bh4 Ne5 12. Bb3 c6 13. Nf3 Ng6 14. Bg3 Nh5 15. Bh2 Nhf4 16. e5 d5 17. Ne2 Ne6 18. c3 Bc5 19. Bc2 Nef8 20. Ned4 Bd7 21. b4 Bb6 22. Nf5 Bxf5 23. Bxf5 Ne7 24. Bc2 Ne6 25. Nd4 Bxd4 26. cxd4 Qb6 27. Qd3 Qxd4 28. Qh7+ Kf8 29. Qh8+ Ng8 30. Bh7 Ke7 31. Bf5 g6 32. Bxe6 Kxe6 33. Rab1 Rad8 34. Re3 Qh4 35. Qg7 Qe7 36. Rf3 Qf8 37. Qh7 d4 38. Rd1 b6 39. Ra3 Rd7 40. Bf4 Ne7 41. Bxh6 Qh8 42. Qxh8 Rxh8 43. Bf4 Rc8 44. g4 c5 45. bxc5 bxc5 46. Ra6+ Nc6 47. Bg3 c4 48. f4 d3 49. Be1 Kd5 50. Rc1 Nd4 51. Kf2 Ne2 52. Rb1 c3 53. Ke3 c2 54. Rb5+ Rc5 55. Rxc5+ Kxc5 56. Bd2 c1Q 57. Bxc1 Nxc1 58. Kd2 Ne2 59. f5 Nc3 60. e6 Ne4+ 61. Kd1 fxe6 62. Rxe6 gxf5 63. gxf5 Kd4 64. f6 Rb7 65. Rc6 Rb1+ 66. Rc1 Nc3+ 67. Kd2 Rb2+ 0-1

[Event "AUT-ch U16"]
[Site "Woerth"]
[Date "2014.04.13"]
[Round "2"]
[White "Steindl, Johannes"]
[Black "Arztmann, Nils"]
[Result "1/2-1/2"]
[WhiteElo "1814"]
[BlackElo "1868"]
[PlyCount "60"]
[EventDate "2014.04.13"]
[EventType "swiss"]
[EventRounds "7"]
[EventCountry "AUT"]
[SourceTitle "EXT 2015"]
[Source "ChessBase"]
[SourceDate "2014.11.20"]
[SourceVersion "1"]
[SourceVersionDate "2014.11.20"]
[SourceQuality "1"]

1. e4 e5 2. Nf3 Nc6 3. Bb5 Nf6 4. 0-0 Nxe4 5. Qe2 Nd6 6. Bxc6 dxc6 7. Qxe5+ Qe7 8. Qa5 Be6 9. d3 Qd7 10. Nd4 Bd5 11. Re1+ Be7 12. h3 b6 13. Qd2 c5 14. Ne2 0-0 15. Nbc3 Bb7 16. Nf4 Bg5 17. Qd1 Qf5 18. Nfe2 Bh4 19. Be3 Rfe8 20. Rf1 Bg5 21. Ng3 Qg6 22. Bxg5 Qxg5 23. Qh5 Qd2 24. Qd1 Qg5 25. Qh5 Qd2 26. Qd1 Qg5 27. Qh5 Qd2 28. Qd1 Qg5 29. Qh5 Qd2 30. Qd1 Qg5 1/2-1/2

[Event "EU Union-ch U15 11th"]
[Site "Mureck"]
[Date "2013.08.06"]
[Round "7"]
[White "Arztmann, Nils"]
[Black "Koehn, Lennart"]
[Result "1/2-1/2"]
[WhiteElo "1877"]
[BlackElo "1682"]
[PlyCount "50"]
[EventDate "2013.07.31"]
[EventType "swiss"]
[EventRounds "9"]
[EventCountry "AUT"]
[SourceTitle "CBM 155 Extra"]
[Source "ChessBase"]
[SourceDate "2013.08.26"]
[SourceVersion "1"]
[SourceVersionDate "2013.08.26"]
[SourceQuality "1"]

1. e4 c5 2. c3 d5 3. exd5 Qxd5 4. d4 Nc6 5. Nf3 Nf6 6. dxc5 Qxc5 7. Na3 a6 8. Be3 Qd5 9. Qa4 Bd7 10. Rd1 Qa5 11. Qb3 b5 12. Bd3 e6 13. Nc2 Be7 14. Ncd4 0-0 15. 0-0 Nd5 16. Bd2 Nxd4 17. Nxd4 Qc7 18. Rfe1 Nf6 19. c4 bxc4 20. Bxc4 Bc5 21. Be3 Ng4 22. Nf3 Nxe3 23. fxe3 Rab8 24. Qd3 Rfd8 25. b3 Bb5 1/2-1/2

[Event "AUT-ch U14"]
[Site "Linz"]
[Date "2013.05.19"]
[Round "3"]
[White "Arztmann, Nils"]
[Black "Nussbaumer, Patrick"]
[Result "1/2-1/2"]
[WhiteElo "1862"]
[BlackElo "1708"]
[PlyCount "109"]
[EventDate "2013.05.18"]
[EventType "swiss"]
[EventRounds "7"]
[EventCountry "AUT"]
[SourceTitle "EXT 2015"]
[Source "ChessBase"]
[SourceDate "2014.11.20"]
[SourceVersion "1"]
[SourceVersionDate "2014.11.20"]
[SourceQuality "1"]

1. e4 e5 2. Nf3 Nc6 3. Bb5 a6 4. Ba4 Nf6 5. 0-0 Be7 6. Re1 b5 7. Bb3 d6 8. c3 0-0 9. h3 Nb8 10. d4 Nbd7 11. Nbd2 Bb7 12. Bc2 Re8 13. Nf1 Bf8 14. Ng3 d5 15. dxe5 Nxe5 16. Nxe5 Rxe5 17. Bf4 Re8 18. e5 Nd7 19. Qg4 Bc8 20. e6 Rxe6 21. Rxe6 Nf6 22. Qh4 Bxe6 23. Bg5 h6 24. Nh5 Be7 25. Nxf6+ Bxf6 26. Bxf6 Qxf6 27. Qxf6 gxf6 28. a4 Rb8 29. b4 Rc8 30. axb5 axb5 31. Ra5 c6 32. f3 Kf8 33. Kf2 Ke7 34. Ke3 Kd6 35. Kd4 Rg8 36. g4 h5 37. Bd3 hxg4 38. hxg4 Rh8 39. Ra6 Rb8 40. Be2 Bc8 41. Ra7 Bb7 42. f4 Kc7 43. Ra1 Rh8 44. Bf3 Rh3 45. Ke3 Kd6 46. Rh1 Rxh1 47. Bxh1 c5 48. Kd3 Bc6 49. Bf3 Bd7 50. Ke3 Be6 51. Be2 Kc6 52. Bf3 Kd6 53. Be2 Bd7 54. Bf3 Bc6 55. Be2 1/2-1/2

[Event "Vienna Kavalier op 7th"]
[Site "Vienna"]
[Date "2012.11.01"]
[Round "7"]
[White "Roehrbacher, Franz"]
[Black "Arztmann, Nils"]
[Result "1/2-1/2"]
[WhiteElo "1787"]
[BlackElo "1861"]
[PlyCount "48"]
[EventDate "2012.10.25"]
[EventType "swiss"]
[EventRounds "7"]
[EventCountry "AUT"]
[SourceTitle "EXT 2013"]
[Source "ChessBase"]
[SourceDate "2012.11.22"]
[SourceVersion "1"]
[SourceVersionDate "2012.11.22"]
[SourceQuality "1"]

1. Nf3 Nf6 2. c4 c6 3. g3 d5 4. cxd5 cxd5 5. Bg2 Nc6 6. d4 Bf5 7. a3 e6 8. Nc3 Be7 9. 0-0 0-0 10. Re1 Rc8 11. h3 Ne4 12. Na2 Na5 13. Nb4 Nf6 14. Nd3 Qb6 15. b4 Nc4 16. Nc5 Qc6 17. Nh4 Bg6 18. Nxg6 hxg6 19. e4 dxe4 20. Nxe4 Nd5 21. Qb3 Rfd8 22. Nc5 Ncb6 23. Bd2 Bf6 24. Rac1 Qe8 1/2-1/2

[Event "Vienna Kavalier op 7th"]
[Site "Vienna"]
[Date "2012.10.30"]
[Round "5"]
[White "Fasser, Walter"]
[Black "Arztmann, Nils"]
[Result "1-0"]
[WhiteElo "1960"]
[BlackElo "1861"]
[PlyCount "137"]
[EventDate "2012.10.25"]
[EventType "swiss"]
[EventRounds "7"]
[EventCountry "AUT"]
[SourceTitle "EXT 2013"]
[Source "ChessBase"]
[SourceDate "2012.11.22"]
[SourceVersion "1"]
[SourceVersionDate "2012.11.22"]
[SourceQuality "1"]

1. c4 c6 2. e4 d5 3. cxd5 cxd5 4. exd5 Nf6 5. Bb5+ Nbd7 6. Nc3 a6 7. Qa4 g6 8. Nf3 Bg7 9. d4 0-0 10. Bxd7 Bxd7 11. Qb3 b5 12. 0-0 Bf5 13. Re1 Re8 14. Bf4 Nh5 15. Bg5 h6 16. Be3 Qd6 17. a3 Nf6 18. Ne5 g5 19. Rad1 Rad8 20. Nc6 Rd7 21. Nb4 Ng4 22. g3 Qg6 23. Rd2 Rd6 24. f3 Nxe3 25. Rxe3 g4 26. Ne4 Rb6 27. Nc6 gxf3 28. Nf2 Qg5 29. Rd1 h5 30. Rxf3 h4 31. Qc3 Bd7 32. Qc5 Rb7 33. Re1 Bxc6 34. Qxc6 Rbb8 35. Kg2 Rec8 36. Qd7 Bxd4 37. Ne4 Qg6 38. Nc3 Bxc3 39. Rxc3 Rd8 40. Qc6 Qxc6 41. dxc6 hxg3 42. c7 Rbc8 43. Kxg3 f6 44. Re6 Kf7 45. Rxa6 Rg8+ 46. Kf2 Rg4 47. Rac6 Ke8 48. Kf3 Rd4 49. b4 Rd5 50. h4 Kd7 51. Kf4 Rd4+ 52. Kg3 Rd1 53. R6c5 Rg1+ 54. Kf2 Rg4 55. Rd5+ Ke8 56. h5 e5 57. Rxb5 Rh4 58. Rbc5 Rxh5 59. b5 Rh2+ 60. Kg3 Rb2 61. Kg4 Kd7 62. Kf5 Rf2+ 63. Ke4 Rb2 64. a4 Rb4+ 65. Kf5 Rxa4 66. Kxf6 Rh4 67. Rd5+ Ke8 68. Rxe5+ Kd7 69. Rd5+ 1-0

[Event "Vienna Kavalier op 7th"]
[Site "Vienna"]
[Date "2012.10.29"]
[Round "4"]
[White "Arztmann, Nils"]
[Black "Kuntner, Reinhard1111"]
[Result "1/2-1/2"]
[WhiteElo "1861"]
[BlackElo "2066"]
[PlyCount "84"]
[EventDate "2012.10.25"]
[EventType "swiss"]
[EventRounds "7"]
[EventCountry "AUT"]
[SourceTitle "EXT 2013"]
[Source "ChessBase"]
[SourceDate "2012.11.22"]
[SourceVersion "1"]
[SourceVersionDate "2012.11.22"]
[SourceQuality "1"]

1. e4 c5 2. c3 d5 3. exd5 Qxd5 4. d4 Nf6 5. Nf3 Bg4 6. dxc5 Qxd1+ 7. Kxd1 e5 8. b4 e4 9. h3 exf3 10. hxg4 Nxg4 11. Ke1 fxg2 12. Bxg2 Nc6 13. Bf4 Be7 14. Nd2 0-0 15. Nc4 Bf6 16. Rc1 Rad8 17. b5 Rfe8+ 18. Kf1 Nce5 19. Bxe5 Nxe5 20. Nd6 Re7 21. Nxb7 Rd2 22. Be4 g6 23. Nd6 Ng4 24. Rc2 Rxc2 25. Bxc2 Bxc3 26. Bb3 Bb4 27. Nxf7 Re1+ 28. Kg2 Rxh1 29. Kxh1 Nxf2+ 30. Kg2 Bxc5 31. Ng5+ Kh8 32. Kf3 h6 33. Ne6 Bb6 34. Bc2 g5 35. a4 g4+ 36. Kg3 h5 37. a5 Be3 38. Bg6 Kg8 39. Kh4 Nd1 40. Bxh5 Nc3 41. b6 axb6 42. axb6 Bxb6 1/2-1/2

[Event "Vienna Kavalier op 7th"]
[Site "Vienna"]
[Date "2012.10.28"]
[Round "3"]
[White "Ernst, Michael"]
[Black "Arztmann, Nils"]
[Result "1/2-1/2"]
[WhiteElo "2214"]
[BlackElo "1861"]
[PlyCount "81"]
[EventDate "2012.10.25"]
[EventType "swiss"]
[EventRounds "7"]
[EventCountry "AUT"]
[SourceTitle "EXT 2013"]
[Source "ChessBase"]
[SourceDate "2012.11.22"]
[SourceVersion "1"]
[SourceVersionDate "2012.11.22"]
[SourceQuality "1"]

1. d4 d5 2. c4 c6 3. Nf3 Nf6 4. e3 a6 5. Bd3 Bg4 6. Nbd2 e6 7. 0-0 Nbd7 8. Qc2 Bd6 9. b3 Qe7 10. Bb2 Bxf3 11. Nxf3 Ba3 12. Bc3 Bb4 13. Bxb4 Qxb4 14. c5 0-0 15. a3 Qa5 16. b4 Qc7 17. a4 e5 18. Be2 Ne4 19. Ra3 f5 20. Rfa1 f4 21. b5 fxe3 22. fxe3 exd4 23. exd4 Qf4 24. bxc6 bxc6 25. Rf1 Ng5 26. Nxg5 Qxg5 27. Rh3 Rxf1+ 28. Bxf1 h6 29. Rg3 Qf6 30. Qf2 Qxf2+ 31. Kxf2 Rf8+ 32. Rf3 a5 33. Rxf8+ Nxf8 34. Ke3 Ne6 35. Ba6 Kf7 36. Bc8 Ke7 37. h4 g5 38. g3 Ng7 39. Kf3 Ne6 40. Ke3 Ng7 41. Kf3 1/2-1/2

[Event "Feffernitz Raika op 21st"]
[Site "Feffernitz"]
[Date "2012.08.25"]
[Round "8"]
[White "Arztmann, Nils"]
[Black "Praznik, Anton"]
[Result "1/2-1/2"]
[WhiteElo "1897"]
[BlackElo "2138"]
[PlyCount "45"]
[EventDate "2012.08.19"]
[EventType "swiss"]
[EventRounds "9"]
[EventCountry "AUT"]
[SourceTitle "CBM 150 Extra"]
[Source "ChessBase"]
[SourceDate "2012.10.19"]
[SourceVersion "1"]
[SourceVersionDate "2012.10.19"]
[SourceQuality "1"]

1. e4 e6 2. d4 d5 3. Nc3 Bb4 4. e5 b6 5. a3 Bf8 6. Nf3 a5 7. Bd3 Ba6 8. 0-0 Qd7 9. Bxa6 Nxa6 10. Qd3 Ne7 11. Ng5 h5 12. Nh7 Nf5 13. Nxf8 Kxf8 14. Ne2 c5 15. c3 c4 16. Qh3 Qe7 17. Ng3 Qh4 18. Qxh4 Nxh4 19. f4 Nf5 20. Nxf5 exf5 21. a4 Ke7 22. b3 Rhc8 23. Ba3+ 1/2-1/2

[Event "Feffernitz Raika op 21st"]
[Site "Feffernitz"]
[Date "2012.08.20"]
[Round "3"]
[White "Wawricka, Alfred"]
[Black "Arztmann, Nils"]
[Result "1-0"]
[WhiteElo "2033"]
[BlackElo "1897"]
[PlyCount "121"]
[EventDate "2012.08.19"]
[EventType "swiss"]
[EventRounds "9"]
[EventCountry "AUT"]
[SourceTitle "CBM 150 Extra"]
[Source "ChessBase"]
[SourceDate "2012.10.19"]
[SourceVersion "1"]
[SourceVersionDate "2012.10.19"]
[SourceQuality "1"]

1. b4 a5 2. b5 d5 3. Bb2 Bf5 4. e3 Nd7 5. c4 dxc4 6. Bxc4 e6 7. d4 Bxb1 8. Rxb1 Bb4+ 9. Kf1 Nb6 10. Bd3 Nd5 11. a3 Bc3 12. Qg4 Qf6 13. Bc1 a4 14. Ne2 Ba5 15. e4 h5 16. Qg3 h4 17. Qg4 Nc3 18. Bg5 Qg6 19. Nf4 Nf6 20. Nxg6 Nxg4 21. Nxh8 Nxb1 22. Bxb1 Bc3 23. f3 Nf6 24. d5 exd5 25. exd5 Nxd5 26. Ba2 c6 27. bxc6 bxc6 28. Ke2 Bb2 29. Kd2 Bxa3 30. Rb1 f6 31. Bxh4 0-0-0 32. Bxd5 Rxd5+ 33. Ke2 g5 34. Bg3 Bd6 35. Bxd6 Rxd6 36. Ra1 Rd4 37. Ke3 Rh4 38. Ng6 Rxh2 39. g4 Kd7 40. Rxa4 Ke6 41. Re4+ Kd6 42. Ne7 Rh7 43. Nf5+ Kd5 44. Rd4+ Ke5 45. Re4+ Kd5 46. Ra4 Rb7 47. Rd4+ Ke5 48. Rd3 c5 49. Nd6 Rc7 50. Nc4+ Ke6 51. Rd6+ Kf7 52. Ke4 Re7+ 53. Kf5 Re2 54. Rxf6+ Kg7 55. Kxg5 Rc2 56. Rf4 Rc3 57. Kf5 Kh6 58. g5+ Kh7 59. Kf6 Kh8 60. Kf7 Rc1 61. Rh4# 1-0

[Event "Feffernitz Raika op 21st"]
[Site "Feffernitz"]
[Date "2012.08.19"]
[Round "2"]
[White "Arztmann, Nils"]
[Black "Jandke, Manfred"]
[Result "1/2-1/2"]
[WhiteElo "1897"]
[BlackElo "2137"]
[PlyCount "47"]
[EventDate "2012.08.19"]
[EventType "swiss"]
[EventRounds "9"]
[EventCountry "AUT"]
[SourceTitle "CBM 150 Extra"]
[Source "ChessBase"]
[SourceDate "2012.10.19"]
[SourceVersion "1"]
[SourceVersionDate "2012.10.19"]
[SourceQuality "1"]

1. e4 e6 2. d4 d5 3. Nc3 Nf6 4. e5 Nfd7 5. f4 c5 6. Nf3 Nc6 7. Be3 a6 8. Qd2 b5 9. dxc5 Bxc5 10. Ne2 Qb6 11. Bxc5 Qxc5 12. Ned4 Bb7 13. Qf2 Rc8 14. Nxc6 Rxc6 15. Qxc5 Rxc5 16. Bd3 0-0 17. 0-0 Nb6 18. c3 Nc4 19. Rf2 Rb8 20. Nd4 Bc8 21. Bxc4 dxc4 22. Rd1 Bb7 23. Rfd2 Bd5 24. Nc2 1/2-1/2

[Event "EU Union-ch U14 10th"]
[Site "Mureck"]
[Date "2012.08.09"]
[Round "9"]
[White "Markauss, Daniels"]
[Black "Arztmann, Nils"]
[Result "1/2-1/2"]
[WhiteElo "1895"]
[BlackElo "1897"]
[PlyCount "44"]
[EventDate "2012.08.01"]
[EventType "swiss"]
[EventRounds "9"]
[EventCountry "AUT"]
[SourceTitle "CBM 149 Extra"]
[Source "ChessBase"]
[SourceDate "2012.08.24"]
[SourceVersion "1"]
[SourceVersionDate "2012.08.24"]
[SourceQuality "1"]

1. e4 e5 2. Nf3 Nc6 3. Bc4 Bc5 4. Nc3 Nf6 5. d3 d6 6. h3 h6 7. 0-0 a6 8. Be3 Ba7 9. a4 0-0 10. Qd2 Be6 11. Ba2 Ne7 12. Nh4 Qd7 13. Bxa7 Rxa7 14. f4 Bxa2 15. Rxa2 exf4 16. Qxf4 Qe6 17. Nf5 Nxf5 18. Qxf5 Qxf5 19. Rxf5 Re8 20. Ra1 Raa8 21. Raf1 c6 22. a5 Re7 1/2-1/2

[Event "EU Union-ch U14 10th"]
[Site "Mureck"]
[Date "2012.08.05"]
[Round "5"]
[White "Fox, Jonas1111"]
[Black "Arztmann, Nils"]
[Result "1/2-1/2"]
[WhiteElo "1750"]
[BlackElo "1897"]
[PlyCount "80"]
[EventDate "2012.08.01"]
[EventType "swiss"]
[EventRounds "9"]
[EventCountry "AUT"]
[SourceTitle "CBM 149 Extra"]
[Source "ChessBase"]
[SourceDate "2012.08.24"]
[SourceVersion "1"]
[SourceVersionDate "2012.08.24"]
[SourceQuality "1"]

1. e4 e5 2. Nf3 Nc6 3. d4 exd4 4. Bc4 Bc5 5. c3 Nf6 6. cxd4 Bb4+ 7. Bd2 Nxe4 8. Bxf7+ Kxf7 9. Qb3+ d5 10. Bxb4 Nxb4 11. Qxb4 Rf8 12. 0-0 Kg8 13. Nbd2 a5 14. Qb3 Nxd2 15. Nxd2 Ra6 16. Nf3 Rg6 17. Ne5 Rh6 18. Qg3 Rf5 19. Rae1 Rg5 20. Qf4 Rf5 21. Qg3 Rh4 22. Nf3 Rh6 23. Ne5 Be6 24. f4 Rfh5 25. Nf3 Rg6 26. Ng5 Bf5 27. Qe3 Kf8 28. Qa3+ Rd6 29. Re5 Bc8 30. Ne6+ Bxe6 31. Rxh5 c6 32. Re5 Kg8 33. Rfe1 Bf7 34. Re7 Rf6 35. Rxb7 h6 36. g3 Qc8 37. Qb3 Qg4 38. Qc3 Bg6 39. Qxa5 Be4 40. Qd8+ Kh7 1/2-1/2

[Event "EU Union-ch U14 10th"]
[Site "Mureck"]
[Date "2012.08.03"]
[Round "3"]
[White "Peczely, Sebastian Zsombor"]
[Black "Arztmann, Nils"]
[Result "1-0"]
[WhiteElo "2045"]
[BlackElo "1897"]
[PlyCount "57"]
[EventDate "2012.08.01"]
[EventType "swiss"]
[EventRounds "9"]
[EventCountry "AUT"]
[SourceTitle "CBM 149 Extra"]
[Source "ChessBase"]
[SourceDate "2012.08.24"]
[SourceVersion "1"]
[SourceVersionDate "2012.08.24"]
[SourceQuality "1"]

1. e4 e5 2. Nf3 Nc6 3. Bb5 Nf6 4. d3 Bc5 5. 0-0 d6 6. c3 a6 7. Ba4 Ba7 8. h3 0-0 9. Re1 Ne7 10. Nbd2 Ng6 11. Nf1 b5 12. Bc2 Nh5 13. a4 Nhf4 14. d4 Qf6 15. axb5 axb5 16. Be3 exd4 17. cxd4 d5 18. e5 Qe7 19. Qd2 Ne6 20. Bd3 c6 21. Rec1 Bb7 22. Ng3 Bb6 23. Nf5 Qd7 24. Rxa8 Bxa8 25. h4 Qa7 26. Bb1 c5 27. h5 Ba5 28. Qc2 Ngf4 29. Ne7+ 1-0

[Event "EU Union-ch U14 10th"]
[Site "Mureck"]
[Date "2012.08.02"]
[Round "2"]
[White "Arztmann, Nils"]
[Black "Ciungan, Diana Alexandra"]
[Result "1-0"]
[WhiteElo "1897"]
[BlackElo "1755"]
[PlyCount "51"]
[EventDate "2012.08.01"]
[EventType "swiss"]
[EventRounds "9"]
[EventCountry "AUT"]
[SourceTitle "CBM 149 Extra"]
[Source "ChessBase"]
[SourceDate "2012.08.24"]
[SourceVersion "1"]
[SourceVersionDate "2012.08.24"]
[SourceQuality "1"]

1. e4 e5 2. Nc3 Nf6 3. f4 d6 4. Nf3 Nc6 5. Bb5 Bd7 6. 0-0 exf4 7. d4 Be7 8. Bxf4 0-0 9. d5 Nb8 10. Bxd7 Nbxd7 11. Nd4 Re8 12. Qf3 Nf8 13. Nf5 Ng6 14. Bg5 Nxd5 15. Nxe7+ Ndxe7 16. Qxf7+ Kh8 17. Nd5 Rf8 18. Qe6 Re8 19. Nxe7 Nxe7 20. Rf7 Ng8 21. Qg4 Qc8 22. Qg3 Rf8 23. Raf1 Rxf7 24. Rxf7 Qe6 25. Rxc7 Qxe4 26. Bf6 1-0

[Event "AUT-ch U14"]
[Site "Tschagguns"]
[Date "2012.05.27"]
[Round "3"]
[White "Arztmann, Nils"]
[Black "Hoegl, Emanuel"]
[Result "1-0"]
[WhiteElo "1715"]
[BlackElo "1632"]
[PlyCount "61"]
[EventDate "2012.05.26"]
[EventType "swiss"]
[EventRounds "7"]
[EventCountry "AUT"]
[SourceTitle "CBM 148 Extra"]
[Source "ChessBase"]
[SourceDate "2012.06.22"]
[SourceVersion "1"]
[SourceVersionDate "2012.06.22"]
[SourceQuality "1"]

1. e4 c6 2. d4 d5 3. exd5 cxd5 4. c4 Nf6 5. Nc3 e6 6. Nf3 Nc6 7. cxd5 Nxd5 8. Bd3 Be7 9. 0-0 0-0 10. Re1 Nf6 11. a3 a6 12. Bc2 Qb6 13. Qd3 g6 14. Ba4 Rd8 15. Be3 Qc7 16. Rac1 Qb8 17. Bb3 Rd7 18. Na4 Bd8 19. Nc5 Re7 20. Bg5 Re8 21. d5 exd5 22. Rxe8+ Nxe8 23. Qxd5 Nd6 24. Bf4 Ne7 25. Qxd6 Qxd6 26. Bxd6 Nf5 27. Ne4 Bd7 28. Be5 h5 29. Nf6+ Kh8 30. Nxd7+ Kh7 31. Bxf7 1-0